[Event "V4 OPEN - International Championship of Slovakia 2
[Site "Banska Stiavnica"]
[Date "2013.07.11"]
[Round "6"]
[Board "75"]
[White "Ferkova, Dominika"]
[Black "Malinovsky, Jozef"]
[Result "0-1"]
[WhiteElo "1603"]
[BlackElo "1846"]
[PlyCount "72"]
[EventDate "2013.07.06"]
[EventRounds "9"]
[EventCountry "SVK"]

1. d4 d5 2. c4 c6 3. Nc3 Nf6 4. Nf3 Bf5 5. Bg5 Ne4 6. cxd5 Nxg5 7. Nxg5 cxd5 8.
Qb3 e6 9. Qxb7 Nd7 10. Nf3 Rb8 11. Qxa7 Rxb2 12. a3 Rb3 13. Nd1 Bd6 14. e3 O-O
15. Nd2 Rb8 16. Ba6 Qe7 17. Bb5 Ra8 18. Qb7 Rfd8 19. Bxd7 Qxd7 20. Qxd7 Rxd7
21. a4 Bd3 22. Nb2 Ba6 23. f3 Rc7 24. Kd1 Rac8 25. g3 Bb4 26. Rb1 Bxd2 27. Kxd2
Rc2+ 28. Kd1 Be2+ 29. Ke1 Rb8 30. Rg1 Bxf3 31. Rf1 Re2+ 32. Kd1 Rexb2+ 33. Rxf3
Rxb1+ 34. Kc2 R8b2+ 35. Kc3 Rxh2 36. Kd3 Rb3# 0-1

[Event "V4 OPEN - International Championship of Slovakia 2
[Site "Banska Stiavnica"]
[Date "2013.07.11"]
[Round "6"]
[Board "76"]
[White "Gregusova, Katarina"]
[Black "Simo, Marian"]
[Result "1/2-1/2"]
[WhiteElo "1544"]
[BlackElo "1844"]
[PlyCount "50"]
[EventDate "2013.07.06"]
[EventRounds "9"]
[EventCountry "SVK"]

1. d4 Nf6 2. Nf3 e6 3. Bg5 d5 4. e3 h6 5. Bh4 Be7 6. c4 O-O 7. Nc3 c6 8. Bd3
Nbd7 9. O-O Nh5 10. Bxe7 Qxe7 11. Rc1 b6 12. cxd5 cxd5 13. Bb5 Nhf6 14. Ne2 a6
15. Bxd7 Bxd7 16. Ne5 Rfc8 17. Qd3 Bb5 18. Qd2 Ne4 19. Rxc8+ Rxc8 20. Qd1 Qb4
21. Nd3 Qd2 22. Qxd2 Nxd2 23. Rc1 Rxc1+ 24. Nexc1 Ne4 25. b3 f6 1/2-1/2

[Event "V4 OPEN - International Championship of Slovakia 2
[Site "Banska Stiavnica"]
[Date "2013.07.11"]
[Round "6"]
[Board "77"]
[White "Miklasova, Emma"]
[Black "Sahidi, Samir"]
[Result "0-1"]
[WhiteElo "1601"]
[BlackElo "1839"]
[PlyCount "86"]
[EventDate "2013.07.06"]
[EventRounds "9"]
[EventCountry "SVK"]

1. e4 c5 2. Nf3 e6 3. Qe2 Nc6 4. g3 g6 5. Bg2 Bg7 6. O-O Nge7 7. Nc3 O-O 8. d3
b6 9. Be3 Bb7 10. Rad1 e5 11. Qd2 Nd4 12. Ne2 Qc7 13. c3 Nxe2+ 14. Qxe2 d5 15.
exd5 Nxd5 16. c4 Nxe3 17. fxe3 e4 18. Ne1 Rad8 19. Rf2 Qe7 20. a3 Rfe8 21. dxe4
Rxd1 22. Qxd1 Bxe4 23. Re2 Bf5 24. Bf3 a6 25. Qa4 Bc8 26. b4 Rd8 27. b5 axb5
28. Qxb5 Qa7 29. Qb3 Be6 30. Ng2 Qa6 31. Rc2 Bf5 32. Re2 Rd3 33. Qb5 Qxb5 34.
cxb5 Rxa3 35. Rd2 Rd3 36. Ra2 Rb3 37. Bc6 Rb1+ 38. Kf2 Rb2+ 39. Rxb2 Bxb2 40.
Nh4 Be6 41. Nf3 c4 42. Ng5 c3 43. Be4 Bf5 0-1

[Event "V4 OPEN - International Championship of Slovakia 2
[Site "Banska Stiavnica"]
[Date "2013.07.11"]
[Round "6"]
[Board "78"]
[White "Goga, Frantisek"]
[Black "Uhrin, Milan"]
[Result "1-0"]
[WhiteElo "1907"]
[BlackElo "1394"]
[PlyCount "137"]
[EventDate "2013.07.06"]
[EventRounds "9"]
[EventCountry "SVK"]

1. e4 e5 2. Nf3 Nc6 3. d4 exd4 4. Bc4 Nf6 5. e5 d5 6. Bb5 Bd7 7. exf6 Qxf6 8.
Bxc6 bxc6 9. Qxd4 Qe6+ 10. Qe5 Bd6 11. Qxe6+ Bxe6 12. O-O O-O 13. Be3 c5 14. c3
a5 15. Nbd2 a4 16. h3 h6 17. Nh2 f5 18. f4 c4 19. b4 axb3 20. axb3 c5 21. bxc4
dxc4 22. Rfb1 Bd5 23. Nhf3 Rfe8 24. Rxa8 Rxa8 25. Ne5 Ra3 26. Ndxc4 Bxc4 27.
Nxc4 Rxc3 28. Nxd6 Rxe3 29. Rc1 g6 30. Rxc5 Rd3 31. Rc6 Kg7 32. Kf2 Rd2+ 33.
Kf3 Rd3+ 34. Ke2 Ra3 35. Nc4 Ra2+ 36. Kf3 Ra8 37. Ne5 Ra3+ 38. Kf2 Ra2+ 39. Kg1
Ra4 40. Nxg6 h5 41. h4 Kf7 42. g3 Ra1+ 43. Kg2 Ra2+ 44. Kh3 Ra3 45. Ne5+ Kg7
46. Rg6+ Kh7 47. Rg5 Kh6 48. Rxf5 Ra1 49. Rf6+ Kg7 50. Rf7+ Kh6 51. Rd7 Ra3 52.
Kg2 Rxg3+ 53. Kf2 Rh3 54. Rd6+ Kg7 55. Nf3 Rh1 56. Rd5 Kh6 57. Re5 Ra1 58. Kg3
Ra4 59. Re6+ Kg7 60. f5 Rg4+ 61. Kf2 Rf4 62. Rg6+ Kh7 63. Rg5 Kh6 64. Kg3 Rb4
65. Rg6+ Kh7 66. Ng5+ Kh8 67. f6 Rxh4 68. Nf7+ Kh7 69. Rg7# 1-0

[Event "V4 OPEN - International Championship of Slovakia 2
[Site "Banska Stiavnica"]
[Date "2013.07.11"]
[Round "6"]
[Board "79"]
[White "Zicho, Tony"]
[Black "Gonda, Jozef"]
[Result "0-1"]
[WhiteElo "1618"]
[BlackElo "1808"]
[PlyCount "58"]
[EventDate "2013.07.06"]
[EventRounds "9"]
[EventCountry "SVK"]

1. e4 c5 2. Nf3 d6 3. d4 cxd4 4. Nxd4 g6 5. Nc3 Bg7 6. Be3 Nf6 7. Be2 O-O 8.
O-O Nc6 9. a3 Bd7 10. f3 a6 11. Bc4 Rc8 12. Ba2 Ne5 13. Qe2 b5 14. Nd1 Nc4 15.
Bf2 Nh5 16. c3 e5 17. Nc2 Nf4 18. Qe1 Nd3 19. Qe2 Ndxb2 20. Nb4 Nxd1 21. Rfxd1
a5 22. Bxc4 axb4 23. Bxb5 Bxb5 24. Qxb5 bxc3 25. Qd5 c2 26. Rdc1 Bh6 27. Re1
c1=Q 28. Rexc1 Rxc1+ 29. Rxc1 Bxc1 0-1

[Event "V4 OPEN - International Championship of Slovakia 2
[Site "Banska Stiavnica"]
[Date "2013.07.11"]
[Round "6"]
[Board "80"]
[White "Hurton, Dusan"]
[Black "Paulicka, Ivan"]
[Result "1/2-1/2"]
[WhiteElo "1471"]
[BlackElo "1775"]
[PlyCount "118"]
[EventDate "2013.07.06"]
[EventRounds "9"]
[EventCountry "SVK"]

1. e4 e5 2. Nf3 Nc6 3. Nc3 Bc5 4. Bb5 d6 5. Na4 Bb6 6. Nxb6 axb6 7. d4 exd4 8.
Nxd4 Bd7 9. O-O Nge7 10. f4 O-O 11. c3 Ng6 12. Be3 Re8 13. Bd3 Nce7 14. Qf3 c5
15. Nb5 Bc6 16. Bc4 Nf5 17. Bd3 Nxe3 18. Qxe3 d5 19. f5 Nf8 20. a4 c4 21. Bc2
dxe4 22. Rad1 Nd7 23. Nd6 Re7 24. Nxc4 Bxa4 25. Bxa4 Qc7 26. Rxd7 Rxd7 27. Bxd7
Qxc4 28. Qxb6 Qd5 29. Qd4 Qb3 30. Qxe4 Qxb2 31. Qd5 Qxc3 32. Qxb7 Qd4+ 33. Kh1
Rf8 34. Rg1 Qd3 35. Qb5 Qd6 36. f6 Rb8 37. Qa4 Qd3 38. Qd1 Qe4 39. Re1 Qg6 40.
fxg7 Rd8 41. Re8+ Rxe8 42. Bxe8 Qe6 43. Bd7 Qe7 44. Bf5 Qf6 45. Qb1 h6 46. Qb8+
Kxg7 47. Qg3+ Kf8 48. Qd3 Qe7 49. g4 Qg5 50. Qd6+ Kg7 51. Qg3 h5 52. gxh5 f6
53. Qxg5+ fxg5 54. Kg2 g4 55. Kg3 Kh8 56. Kxg4 Kg7 57. Kg5 Kh8 58. Kh6 Kg8 59.
Kg6 Kh8 1/2-1/2

[Event "V4 OPEN - International Championship of Slovakia 2
[Site "Banska Stiavnica"]
[Date "2013.07.11"]
[Round "6"]
[Board "81"]
[White "Vitek, Matej"]
[Black "Durica, Adam"]
[Result "0-1"]
[WhiteElo "1771"]
[BlackElo "1450"]
[PlyCount "60"]
[EventDate "2013.07.06"]
[EventRounds "9"]
[EventCountry "SVK"]

1. d4 d5 2. Nf3 e6 3. e3 Nf6 4. Bd3 Bd6 5. b3 Nbd7 6. Bb2 c5 7. Nbd2 O-O 8. O-O
b6 9. Ne5 Bb7 10. f4 cxd4 11. exd4 Qe7 12. Qe2 Rac8 13. Rf3 Ba3 14. Bxa3 Qxa3
15. Rh3 Qb2 16. Rf1 Qxd4+ 17. Kh1 h6 18. g4 Nxe5 19. fxe5 Qxg4 20. exf6 Qxh3
21. fxg7 Rfd8 22. Rg1 d4+ 23. Be4 Qe3 24. Qg2 Rxc2 25. Bxb7 Qxd2 26. Qg3 Qf2
27. Qh3 Qe3 28. Qh4 Rb8 29. Be4 Rc1 30. Rxc1 Qxc1+ 0-1

[Event "V4 OPEN - International Championship of Slovakia 2
[Site "Banska Stiavnica"]
[Date "2013.07.11"]
[Round "6"]
[Board "82"]
[White "Surka, Marian"]
[Black "Majsniar, Jan"]
[Result "0-1"]
[WhiteElo "1746"]
[BlackElo "1309"]
[PlyCount "117"]
[EventDate "2013.07.06"]
[EventRounds "9"]
[EventCountry "SVK"]

1. d4 d5 2. Qd3 g6 3. Nc3 Bg7 4. Bf4 Bf5 5. Qd2 c6 6. O-O-O Nd7 7. f3 Nb6 8. b3
h5 9. e4 Be6 10. exd5 Bxd5 11. Nge2 Bh6 12. Bxh6 Nxh6 13. Nf4 e6 14. Ncxd5 cxd5
15. Bb5+ Nd7 16. h3 Nf5 17. g4 Ng3 18. Rhg1 h4 19. Rge1 a6 20. Bd3 Qf6 21. Nxd5
Qxd4 22. Nc3 O-O-O 23. Kb1 Nc5 24. Ne2 Qf6 25. Nxg3 hxg3 26. Qg2 Qf4 27. Rg1
Rh7 28. Qxg3 Qxg3 29. Rxg3 Rdh8 30. Bf1 Nd7 31. f4 Nf6 32. Bg2 Re8 33. g5 Nh5
34. Rc3+ Kb8 35. Rd7 Nxf4 36. Rxb7+ Ka8 37. Rb4+ Nxg2 38. Rc6 Re7 39. Rxa6+ Ra7
40. Rd6 Rh8 41. a4 Re8 42. Kb2 e5 43. Re4 Nf4 44. Ka3 Nxh3 45. b4 Nxg5 46. Re1
Nf3 47. Re3 Nd4 48. Rxd4 f5 49. Rd5 f4 50. Rexe5 Rxe5 51. Rxe5 Rf7 52. Kb3 f3
53. Re1 g5 54. Kc3 g4 55. Kd2 g3 56. Re8+ Kb7 57. Ke1 f2+ 58. Kf1 g2+ 59. Kxg2
0-1

[Event "V4 OPEN - International Championship of Slovakia 2
[Site "Banska Stiavnica"]
[Date "2013.07.11"]
[Round "6"]
[Board "83"]
[White "Kahancova, Jana"]
[Black "Laho, Matus"]
[Result "1-0"]
[WhiteElo "1636"]
[BlackElo "1221"]
[PlyCount "39"]
[EventDate "2013.07.06"]
[EventRounds "9"]
[EventCountry "SVK"]

1. e4 e6 2. d4 d5 3. exd5 exd5 4. Bd3 Bd6 5. Ne2 Ne7 6. Nf4 c6 7. O-O Qc7 8.
Qf3 Bf5 9. h3 Bxd3 10. Nxd3 Nd7 11. Nc3 Nf6 12. Bg5 Neg8 13. Rfe1+ Be7 14. Re2
O-O-O 15. Ne5 Bd6 16. Re3 Re8 17. Nb5 Qb8 18. Qf5+ Re6 19. Nxd6+ Qxd6 20. Nxf7
1-0

[Event "V4 OPEN - International Championship of Slovakia 2
[Site "Banska Stiavnica"]
[Date "2013.07.11"]
[Round "6"]
[Board "85"]
[White "Hudec, Timotej"]
[Black "Piovar, Jaroslav"]
[Result "1/2-1/2"]
[WhiteElo "1644"]
[BlackElo "1564"]
[PlyCount "103"]
[EventDate "2013.07.06"]
[EventRounds "9"]
[EventCountry "SVK"]

1. e4 e5 2. Nf3 Nc6 3. Bb5 a6 4. Ba4 d6 5. d4 b5 6. Bb3 Nxd4 7. Nxd4 exd4 8.
Qxd4 c5 9. Qd5 Be6 10. Qc6+ Bd7 11. Qd5 c4 12. Bxc4 bxc4 13. Qxc4 Be6 14. Qe2
Be7 15. O-O Qc7 16. Re1 Nf6 17. Nc3 h6 18. Be3 O-O 19. h3 Rfb8 20. Rab1 Qc6 21.
Bd4 Re8 22. Qd2 Nh7 23. f4 Bh4 24. Bf2 Bxf2+ 25. Qxf2 Nf6 26. a3 Rad8 27. Qd4
Bc8 28. Re2 Bb7 29. Rbe1 Nd7 30. Nd5 Nc5 31. c4 Ne6 32. Qd3 Nc5 33. Qd4 Ne6 34.
Qd3 Qc5+ 35. Kh2 Bxd5 36. exd5 Nc7 37. b4 Qa7 38. Re7 Rxe7 39. Rxe7 Re8 40. Qe4
Kf8 41. Rxe8+ Nxe8 42. Kg3 Qc7 43. Qd4 Nf6 44. c5 dxc5 45. bxc5 Qb7 46. c6 Qb3+
47. Kf2 Nxd5 48. Qc5+ Kg8 49. c7 Nxc7 50. Qxc7 Qxa3 51. Qc8+ Kh7 52. Qf5+
1/2-1/2

[Event "V4 OPEN - International Championship of Slovakia 2
[Site "Banska Stiavnica"]
[Date "2013.07.11"]
[Round "6"]
[Board "86"]
[White "Sedlacek, Richard"]
[Black "Rendla, Karol"]
[Result "1-0"]
[WhiteElo "1628"]
[BlackElo "1453"]
[PlyCount "95"]
[EventDate "2013.07.06"]
[EventRounds "9"]
[EventCountry "SVK"]

1. e4 e5 2. Nf3 Nc6 3. Bc4 h6 4. a3 a6 5. d3 Bc5 6. Be3 Nd4 7. Nc3 d6 8. h3 Nf6
9. Qd2 Be6 10. O-O-O Nxf3 11. gxf3 Bxc4 12. dxc4 Bxe3 13. Qxe3 b6 14. f4 Qe7
15. f5 Nh7 16. Rhg1 Rg8 17. Qf3 O-O-O 18. Nd5 Qe8 19. Qd3 Kb7 20. Qb3 Ng5 21.
Rg4 f6 22. a4 a5 23. Rd3 Rd7 24. Qa3 Nf7 25. b4 axb4 26. Qxb4 Qa8 27. Ra3 Qa5
28. Qb3 Nd8 29. Rg1 Nc6 30. c3 Rf7 31. Kc2 Qc5 32. Rf1 Na5 33. Qa2 Qxc4 34.
Qxc4 Nxc4 35. Rb3 Ra8 36. Ra1 Ra7 37. Kd3 Na5 38. Rb2 Kc8 39. f3 Kd7 40. f4 Rf8
41. fxe5 dxe5 42. Rg1 Rg8 43. Nxf6+ Kd8 44. Nxg8 c6 45. Rxb6 Rd7+ 46. Kc2 Nc4
47. Rxc6 Rd2+ 48. Kc1 1-0

[Event "V4 OPEN - International Championship of Slovakia 2
[Site "Banska Stiavnica"]
[Date "2013.07.12"]
[Round "7"]
[Board "3"]
[White "Markos, Jan"]
[Black "Likavsky, Tomas"]
[Result "1-0"]
[WhiteElo "2580"]
[BlackElo "2458"]
[PlyCount "0"]
[EventDate "2013.07.06"]
[EventRounds "9"]
[EventCountry "SVK"]

1. d4 {[%clk 1:30:59]} d6 {[%clk 1:30:34]} 2. c4 {[%clk 1:31:14]} g6
{[%clk 1:30:57]} 3. Nc3 {[%clk 1:30:08]} Bg7 {[%clk 1:31:07]} 4. Nf3
{[%clk 1:30:30]} e5 {[%clk 1:30:10]} 5. d5 {[%clk 1:23:39]} f5 {[%clk 1:28:18]}
6. e4 {[%clk 1:23:59]} Nf6 {[%clk 1:28:16]} 7. exf5 {[%clk 1:19:41]} gxf5
{[%clk 1:25:40]} 8. g3 {[%clk 1:19:28]} O-O {[%clk 1:11:55]} 9. Bg2
{[%clk 1:19:32]} Nbd7 {[%clk 1:12:05]} 10. O-O {[%clk 1:17:26]} e4
{[%clk 1:04:51]} 11. Nd4 {[%clk 1:17:07]} Ne5 {[%clk 1:04:16]} 12. Qb3
{[%clk 1:13:13]} Qe8 {[%clk 0:54:42]} 13. f3 {[%clk 1:03:24]} Nd3
{[%clk 0:44:08]} 14. Nce2 {[%clk 1:00:26]} c5 {[%clk 0:27:36]} 15. Nb5
{[%clk 0:59:12]} Qe7 {[%clk 0:24:33]} 16. Bf4 {[%clk 0:56:41]} Nxf4
{[%clk 0:22:52]} 17. Nxf4 {[%clk 0:57:06]} a6 {[%clk 0:19:59]} 18. Nc3
{[%clk 0:57:29]} exf3 {[%clk 0:20:11]} 19. Bxf3 {[%clk 0:55:19]} Ng4
{[%clk 0:20:23]} 20. Rae1 {[%clk 0:52:27]} Ne5 {[%clk 0:19:39]} 21. Bg2
{[%clk 0:50:41]} Rb8 {[%clk 0:17:21]} 22. a4 {[%clk 0:48:51]} b6 {[%clk 0:16:13]}
23. Qc2 {[%clk 0:45:37]} Qg5 {[%clk 0:15:05]} 24. Ne6 {[%clk 0:41:05]} Bxe6
{[%clk 0:15:08]} 25. dxe6 {[%clk 0:41:29]} Rbe8 {[%clk 0:15:07]} 26. Nd5
{[%clk 0:37:38]} Nc6 {[%clk 0:10:50]} 27. e7 {[%clk 0:36:35]} Bd4+
{[%clk 0:09:33]} 28. Kh1 {[%clk 0:36:56]} Nxe7 {[%clk 0:09:54]} 29. Nc7
{[%clk 0:37:11]} f4 {[%clk 0:08:48]} 1-0

[Event "V4 OPEN - International Championship of Slovakia 2
[Site "Banska Stiavnica"]
[Date "2013.07.12"]
[Round "7"]
[Board "4"]
[White "Plachetka, Jan"]
[Black "Leniart, Arkadiusz"]
[Result "1-0"]
[WhiteElo "2355"]
[BlackElo "2473"]
[PlyCount "0"]
[EventDate "2013.07.06"]
[EventRounds "9"]
[EventCountry "SVK"]

1. Nf3 {[%clk 1:26:08]} c5 {[%clk 1:30:44]} 2. c4 {[%clk 1:26:10]} Nc6
{[%clk 1:30:23]} 3. g3 {[%clk 1:26:06]} e5 {[%clk 1:28:41]} 4. Nc3
{[%clk 1:25:45]} f5 {[%clk 1:28:25]} 5. d3 {[%clk 1:25:07]} Nf6 {[%clk 1:28:45]}
6. Bg2 {[%clk 1:25:06]} d6 {[%clk 1:27:49]} 7. a3 {[%clk 1:17:53]} Be7
{[%clk 1:26:27]} 8. O-O {[%clk 1:14:49]} O-O {[%clk 1:25:39]} 9. Rb1
{[%clk 1:12:16]} a5 {[%clk 1:25:59]} 10. Bg5 {[%clk 1:07:14]} Be6
{[%clk 1:20:11]} 11. Nd2 {[%clk 1:03:19]} Kh8 {[%clk 1:18:12]} 12. e3
{[%clk 0:55:46]} Ng8 {[%clk 1:08:25]} 13. Bxe7 {[%clk 0:55:51]} Ngxe7
{[%clk 1:08:49]} 14. Nd5 {[%clk 0:55:07]} Bxd5 {[%clk 1:08:25]} 15. cxd5
{[%clk 0:55:27]} Na7 {[%clk 1:08:50]} 16. a4 {[%clk 0:45:21]} b5 {[%clk 1:06:12]}
17. axb5 {[%clk 0:44:25]} Nxb5 {[%clk 1:06:14]} 18. f4 {[%clk 0:42:58]} Nc7
{[%clk 0:57:19]} 19. e4 {[%clk 0:38:22]} exf4 {[%clk 0:54:43]} 20. gxf4
{[%clk 0:38:07]} Ng6 {[%clk 0:52:12]} 21. Nc4 {[%clk 0:30:45]} fxe4
{[%clk 0:35:37]} 22. f5 {[%clk 0:30:04]} Ne5 {[%clk 0:36:03]} 23. Nxe5
{[%clk 0:30:14]} dxe5 {[%clk 0:36:29]} 24. dxe4 {[%clk 0:30:19]} Nb5
{[%clk 0:36:38]} 25. Kh1 {[%clk 0:21:58]} Nd4 {[%clk 0:36:10]} 26. Qg4
{[%clk 0:21:25]} Rb8 {[%clk 0:28:36]} 27. Rf2 {[%clk 0:19:32]} Qf6
{[%clk 0:21:13]} 28. Rc1 {[%clk 0:18:06]} Rfc8 {[%clk 0:20:40]} 29. Rc3
{[%clk 0:16:32]} c4 {[%clk 0:19:28]} 30. Bf1 {[%clk 0:12:57]} Rb4
{[%clk 0:18:48]} 31. Rg3 {[%clk 0:11:37]} Rcb8 {[%clk 0:13:51]} 32. Qh5
{[%clk 0:10:56]} Kg8 {[%clk 0:12:59]} 33. Rfg2 {[%clk 0:08:23]} Rxb2
{[%clk 0:07:53]} 34. Rxb2 {[%clk 0:07:20]} Rxb2 {[%clk 0:08:19]} 35. Qe8+
{[%clk 0:07:42]} Qf8 {[%clk 0:08:45]} 36. Qxe5 {[%clk 0:08:06]} Rb1
{[%clk 0:08:23]} 37. Qxd4 {[%clk 0:08:03]} Rxf1+ {[%clk 0:08:50]} 38. Kg2
{[%clk 0:08:26]} Rc1 {[%clk 0:08:54]} 39. d6 {[%clk 0:08:18]} Rc2+
{[%clk 0:09:05]} 40. Kg1 {[%clk 0:06:16]} c3 {[%clk 0:05:31]} 41. Qc4+
{[%clk 0:28:31]} Kh8 {[%clk 0:29:49]} 42. Rxc3 {[%clk 0:27:42]} Rxc3
{[%clk 0:30:15]} 43. Qxc3 {[%clk 0:28:10]} Qd8 {[%clk 0:30:35]} 44. Qc7
{[%clk 0:27:01]} Qg5+ {[%clk 0:30:25]} 45. Kh1 {[%clk 0:27:11]} h6
{[%clk 0:30:23]} 46. d7 {[%clk 0:27:07]} Kh7 {[%clk 0:30:41]} 47. d8=Q
{[%clk 0:26:37]} Qe3 {[%clk 0:30:38]} 48. Qc2 {[%clk 0:26:03]} 1-0

[Event "V4 OPEN - International Championship of Slovakia 2
[Site "Banska Stiavnica"]
[Date "2013.07.12"]
[Round "7"]
[Board "7"]
[White "Aczel, Gergely"]
[Black "Gunajew, Rafal"]
[Result "1-0"]
[WhiteElo "2451"]
[BlackElo "2294"]
[PlyCount "0"]
[EventDate "2013.07.06"]
[EventRounds "9"]
[EventCountry "SVK"]

1. d4 {[%clk 1:30:56]} d5 {[%clk 1:30:48]} 2. c4 {[%clk 1:31:18]} c6
{[%clk 1:31:13]} 3. Nc3 {[%clk 1:31:37]} Nf6 {[%clk 1:31:35]} 4. e3
{[%clk 1:31:52]} a6 {[%clk 1:31:31]} 5. Nf3 {[%clk 1:32:13]} b5 {[%clk 1:30:40]}
6. c5 {[%clk 1:32:35]} Bg4 {[%clk 1:30:01]} 7. h3 {[%clk 1:32:57]} Bxf3
{[%clk 1:29:49]} 8. Qxf3 {[%clk 1:33:23]} e5 {[%clk 1:29:52]} 9. g4
{[%clk 1:29:47]} e4 {[%clk 1:22:22]} 10. Qg2 {[%clk 1:29:49]} Be7
{[%clk 1:21:16]} 11. Bd2 {[%clk 1:28:14]} a5 {[%clk 1:20:14]} 12. Ne2
{[%clk 1:24:56]} O-O {[%clk 1:18:59]} 13. Ng3 {[%clk 1:21:46]} Ne8
{[%clk 1:18:27]} 14. O-O-O {[%clk 1:21:50]} Bh4 {[%clk 1:17:42]} 15. Nf5
{[%clk 1:16:07]} g6 {[%clk 1:17:22]} 16. Nxh4 {[%clk 1:16:05]} Qxh4
{[%clk 1:17:49]} 17. f3 {[%clk 1:14:24]} Qe7 {[%clk 1:15:52]} 18. fxe4
{[%clk 0:37:22]} dxe4 {[%clk 1:13:02]} 19. g5 {[%clk 0:37:14]} Nc7
{[%clk 1:10:26]} 20. h4 {[%clk 0:37:32]} Nd7 {[%clk 1:07:17]} 21. h5
{[%clk 0:36:49]} Nd5 {[%clk 1:05:58]} 22. Kb1 {[%clk 0:36:21]} a4
{[%clk 1:05:21]} 23. Rh4 {[%clk 0:34:57]} Rfe8 {[%clk 1:04:02]} 24. Rc1
{[%clk 0:26:44]} Nf8 {[%clk 0:56:42]} 25. Qg3 {[%clk 0:24:46]} Ne6
{[%clk 0:50:04]} 26. hxg6 {[%clk 0:22:47]} fxg6 {[%clk 0:49:59]} 27. Rxe4
{[%clk 0:22:50]} Qxg5 {[%clk 0:49:59]} 28. Rg4 {[%clk 0:21:42]} Qh6
{[%clk 0:48:06]} 29. Bd3 {[%clk 0:08:41]} Ne7 {[%clk 0:43:26]} 30. Rg1
{[%clk 0:06:19]} Rad8 {[%clk 0:40:03]} 31. Bc2 {[%clk 0:03:42]} Nxd4
{[%clk 0:36:45]} 32. exd4 {[%clk 0:03:04]} Qxd2 {[%clk 0:36:42]} 33. Bxg6
{[%clk 0:02:44]} Nxg6 {[%clk 0:35:45]} 34. Rxg6+ {[%clk 0:03:10]} Kh8
{[%clk 0:36:09]} 35. Re6 1-0

[Event "V4 OPEN - International Championship of Slovakia 2
[Site "Banska Stiavnica"]
[Date "2013.07.12"]
[Round "7"]
[Board "8"]
[White "Horvath, Julia"]
[Black "Nagy, Gabor"]
[Result "0-1"]
[WhiteElo "2183"]
[BlackElo "2449"]
[PlyCount "0"]
[EventDate "2013.07.06"]
[EventRounds "9"]
[EventCountry "SVK"]

1. d4 {[%clk 1:30:56]} Nf6 {[%clk 1:30:49]} 2. Nf3 {[%clk 1:31:20]} e6
{[%clk 1:31:09]} 3. c4 {[%clk 1:31:37]} Bb4+ {[%clk 1:31:31]} 4. Bd2
{[%clk 1:32:00]} Be7 {[%clk 1:31:55]} 5. Nc3 {[%clk 1:32:19]} O-O
{[%clk 1:30:32]} 6. e4 {[%clk 1:29:28]} d5 {[%clk 1:30:02]} 7. e5
{[%clk 1:28:30]} Ne4 {[%clk 1:29:59]} 8. Bd3 {[%clk 1:28:31]} Nxd2
{[%clk 1:28:43]} 9. Qxd2 {[%clk 1:28:54]} c5 {[%clk 1:21:28]} 10. dxc5
{[%clk 1:22:43]} dxc4 {[%clk 1:20:19]} 11. Bxc4 {[%clk 1:23:05]} Qxd2+
{[%clk 1:18:08]} 12. Kxd2 {[%clk 1:21:23]} Bxc5 {[%clk 1:17:41]} 13. Ke2
{[%clk 1:21:28]} Bd7 {[%clk 1:16:00]} 14. Rhd1 {[%clk 1:19:04]} Bc6
{[%clk 1:14:15]} 15. Bb5 {[%clk 1:13:32]} Bxf3+ {[%clk 1:12:55]} 16. Kxf3
{[%clk 1:13:53]} a6 {[%clk 1:12:41]} 17. Ne4 {[%clk 1:07:48]} Bb6
{[%clk 1:06:45]} 18. Ba4 {[%clk 1:07:08]} Bc7 {[%clk 1:07:03]} 19. Nd6
{[%clk 1:05:05]} b5 {[%clk 1:06:07]} 20. Bb3 {[%clk 1:05:27]} Nd7
{[%clk 1:03:17]} 21. Ke4 {[%clk 0:57:49]} Nc5+ {[%clk 1:02:36]} 22. Ke3
{[%clk 0:57:18]} a5 {[%clk 0:56:45]} 23. Rac1 {[%clk 0:49:57]} Bb6
{[%clk 0:54:11]} 24. Ke2 {[%clk 0:49:40]} a4 {[%clk 0:51:52]} 25. Bc2
{[%clk 0:50:01]} b4 {[%clk 0:51:35]} 26. f4 {[%clk 0:44:17]} b3 {[%clk 0:49:45]}
27. axb3 {[%clk 0:40:33]} axb3 {[%clk 0:50:07]} 28. Bb1 {[%clk 0:40:54]} f6
{[%clk 0:46:06]} 29. exf6 {[%clk 0:33:37]} Rxf6 {[%clk 0:45:09]} 30. g3
{[%clk 0:18:53]} Na4 {[%clk 0:44:51]} 31. Be4 {[%clk 0:14:08]} Raf8
{[%clk 0:44:56]} 32. Nc4 {[%clk 0:07:06]} Bc7 {[%clk 0:43:13]} 33. Rd7
{[%clk 0:04:55]} Bb8 {[%clk 0:41:45]} 34. Na5 {[%clk 0:03:11]} g6
{[%clk 0:38:24]} 35. Nxb3 {[%clk 0:03:13]} e5 {[%clk 0:38:40]} 36. Bd5+
{[%clk 0:01:11]} Kh8 {[%clk 0:39:02]} 37. Nc5 {[%clk 0:01:04]} Nb6
{[%clk 0:39:15]} 38. Rd1 {[%clk 0:00:47]} exf4 {[%clk 0:39:27]} 39. g4
{[%clk 0:01:00]} Nxd7 {[%clk 0:39:33]} 40. Nxd7 {[%clk 0:01:25]} Re8+
{[%clk 0:39:41]} 41. Kf1 {[%clk 0:01:34]} Rd6 {[%clk 0:39:59]} 42. Bf3
{[%clk 0:29:30]} Rxd1+ {[%clk 1:10:26]} 43. Bxd1 {[%clk 0:29:55]} Bd6
{[%clk 1:10:45]} 44. Nf6 {[%clk 0:28:25]} Rd8 {[%clk 1:10:55]} 45. Bf3
{[%clk 0:27:58]} Be5 {[%clk 1:11:12]} 46. Nd5 {[%clk 0:28:16]} Bxb2
{[%clk 1:11:33]} 47. h4 {[%clk 0:27:30]} Be5 {[%clk 1:11:46]} 48. g5
{[%clk 0:27:28]} Kg7 {[%clk 1:11:27]} 49. Kg2 {[%clk 0:27:54]} Kf7
{[%clk 1:11:42]} 50. Kh3 {[%clk 0:28:01]} Ke6 {[%clk 1:12:04]} 51. Nb4
{[%clk 0:27:45]} Bc3 {[%clk 1:12:10]} 52. Nc6 {[%clk 0:27:35]} Rd2
{[%clk 1:12:19]} 53. Kg4 {[%clk 0:27:48]} Rh2 {[%clk 1:12:32]} 54. Kxf4
{[%clk 0:27:24]} Rxh4+ {[%clk 1:12:46]} 55. Bg4+ {[%clk 0:27:21]} Kd6
{[%clk 1:13:07]} 56. Nd8 {[%clk 0:27:22]} Rh1 {[%clk 1:13:20]} 57. Nb7+
{[%clk 0:26:16]} Ke7 {[%clk 1:13:41]} 0-1